00543nam a2200133Ia 4500008004100000040004400041100002100085245013300106260002800239300001400267500007500281700003800356999001500394180412s9999||||xx |||||||||||||| ||und|| aAhmadu Bello University Library - Zaria aAngelika Hilbeck 0aEnvironmental Risk Assessment of Genetically Modified Organisms Series.cCENTRE FOR AGRICULTURAL AND BIO SCIENCES INTERNATIONAL. bCABI, Wallingfordc2006 axx, 373p. aEnvironmental risk assessment of gentically modified organisms series. aDavid A. Andow;Eliana M.G. Fontes c5436d5436